[Event "C.to Mondiale U16"]
[Site "Belfort FRA"]
[Date "2005.07.27"]
[Round "10"]
[White "Toufighi, Homayoon"]
[Black "Rombaldoni, Denis"]
[Result "1-0"]
[WhiteElo "2170"]
[BlackElo "2327"]
[PlyCount "83"]
[EventDate "2005.07.19"]

1. e4 c6 2. d4 d5 3. exd5 cxd5 4. Bd3 Nc6 5. c3 Qc7 6. Bg5 Nf6 7. Nf3 Bg4 8.
Nbd2 e6 9. Bh4 Bd6 10. Bg3 O-O 11. Bxd6 Qxd6 12. O-O Rac8 13. Qe1 Nd7 14. Qe2
f5 15. h3 Bh5 16. Bb5 Rce8 17. Rae1 Rf6 18. Qd3 e5 19. dxe5 Ndxe5 20. Nxe5 Nxe5
21. Qd4 Re7 22. c4 dxc4 23. Qxa7 Qxd2 24. Bxc4+ Kh8 25. Rd1 Qf4 26. Be2 Nc6 27.
Bxh5 g6 28. Qa8+ Kg7 29. Bf3 Nd4 30. Rd3 g5 31. Qd8 Nxf3+ 32. Rxf3 Qc7 33. Qxc7
Rxc7 34. Rd1 Kg6 35. Rfd3 Rcc6 36. Rd7 Rb6 37. b3 Rfc6 38. R1d2 h6 39. g3 Kh5
40. Rg7 Rb5 41. Rd4 Re5 42. Rh4+ 1-0

[Event "C.to Mondiale U16"]
[Site "Belfort FRA"]
[Date "2005.07.27"]
[Round "10"]
[White "Vila Gazquez, Xavier"]
[Black "Ronchetti, Niccolo'"]
[Result "0-1"]
[WhiteElo "2338"]
[BlackElo "2395"]
[PlyCount "56"]
[EventDate "2005.07.19"]

1. e4 c5 2. Nf3 Nc6 3. Nc3 g6 4. d4 cxd4 5. Nxd4 Bg7 6. Be3 Nf6 7. Bc4 O-O 8.
Bb3 a5 9. f3 d5 10. exd5 Nb4 11. Ndb5 a4 12. Bc4 Ra5 13. Qd2 Nbxd5 14. Rd1 e6
15. O-O Bd7 16. Bf2 Ra8 17. Rfe1 Qe8 18. b3 Nxc3 19. Nxc3 Bc6 20. Bd4 Rd8 21.
Qf2 h6 22. Rd3 Rd7 23. Red1 axb3 24. cxb3 Qe7 25. g4 e5 26. Bb6 Rc8 27. Rxd7
Nxd7 28. Be3 Nf6 0-1

[Event "C.to Mondiale U16"]
[Site "Belfort FRA"]
[Date "2005.07.27"]
[Round "10"]
[White "Yap, Nicolas A."]
[Black "Brunello, Sabino"]
[Result "0-1"]
[WhiteElo "2258"]
[BlackElo "2373"]
[PlyCount "60"]
[EventDate "2005.07.19"]

1. e4 e5 2. Nf3 Nc6 3. Bb5 a6 4. Ba4 Nf6 5. Bxc6 dxc6 6. d3 Nd7 7. Nbd2 f6 8.
Nc4 Nc5 9. Nfxe5 Be6 10. Nf3 Bxc4 11. dxc4 Qxd1+ 12. Kxd1 Nxe4 13. Ke2 O-O-O
14. Be3 Nd6 15. b3 Nf5 16. Bd2 g5 17. Bc3 g4 18. Ne1 Bc5 19. Nd3 Rhe8+ 20. Kd2
Bxf2 21. Bxf6 Be3+ 22. Kd1 Rd6 23. Bc3 Nh4 24. g3 Nf3 25. h3 Rh6 26. h4 Rd6 27.
Rf1 Rde6 28. a4 Bh6 29. Nf2 Bg7 30. Nxg4 Bxc3 0-1

[Event "C.to Mondiale U16"]
[Site "Belfort FRA"]
[Date "2005.07.28"]
[Round "11"]
[White "Brunello, Sabino"]
[Black "Brener, Ilja"]
[Result "1/2-1/2"]
[WhiteElo "2373"]
[BlackElo "2316"]
[PlyCount "83"]
[EventDate "2005.07.19"]

1. e4 c5 2. Nf3 Nc6 3. Nc3 e5 4. Bc4 d6 5. d3 Be7 6. Nd2 Nf6 7. Nf1 Bg4 8. f3
Be6 9. Ne3 Nd7 10. O-O Bg5 11. Ned5 Bxc1 12. Qxc1 O-O 13. a3 a6 14. Ba2 b5 15.
f4 exf4 16. Qxf4 Nde5 17. Qd2 Rc8 18. Ne2 Ne7 19. Nef4 Bxd5 20. Nxd5 Nxd5 21.
Bxd5 Qb6 22. Kh1 Rc7 23. Rf5 c4 24. d4 Nc6 25. c3 Ne7 26. Rg5 h6 27. Rh5 Nxd5
28. Rxd5 Qc6 29. Qf4 Rd7 30. Re1 Re8 31. Re3 Re6 32. Rf5 Rg6 33. h4 Qa8 34. h5
Re6 35. d5 Ree7 36. Rg3 Kh7 37. Rf6 Qf8 38. Re6 f6 39. Rg6 Rxe6 40. dxe6 Rd8
41. Qf5 Kh8 42. Rg4 {...} 1/2-1/2

[Event "C.to Mondiale U14 femminile"]
[Site "Belfort FRA"]
[Date "2005.07.25"]
[Round "7"]
[White "Brunello, Roberta"]
[Black "Elamri, Laila A."]
[Result "1-0"]
[WhiteElo "1837"]
[BlackElo "1928"]
[PlyCount "71"]
[EventDate "2005.07.19"]

1. e4 e5 2. Nf3 Nc6 3. d4 exd4 4. Nxd4 Bc5 5. Be3 Qf6 6. c3 Bb6 7. Bc4 Qg6 8.
O-O Nge7 9. Nd2 d6 10. f4 f5 11. exf5 Bxf5 12. Nxf5 Qxf5 13. Bxb6 axb6 14. Bb3
Qc5+ 15. Kh1 d5 16. Qg4 g6 17. f5 gxf5 18. Rxf5 Nxf5 19. Qxf5 Ne7 20. Re1 Kd8
21. Qf6 Re8 22. Nf3 Ra6 23. Nd4 b5 24. Qxa6 bxa6 25. Ne6+ Kd7 26. Nxc5+ Kd6 27.
Nxa6 c5 28. Bxd5 Rf8 29. Bf3 Nc6 30. b4 cxb4 31. Nxb4 Nxb4 32. cxb4 Rf4 33. Re4
Rf7 34. Rd4+ Kc7 35. Rd5 Kb6 36. Rd6+ 1-0

[Event "C.to Mondiale U14 femminile"]
[Site "Belfort FRA"]
[Date "2005.07.25"]
[Round "8"]
[White "Brunello, Roberta"]
[Black "Khoo, Selina"]
[Result "0-1"]
[WhiteElo "1837"]
[BlackElo "2006"]
[PlyCount "68"]
[EventDate "2005.07.19"]

1. e4 c6 2. d4 d5 3. exd5 cxd5 4. Bd3 Nc6 5. c3 Qc7 6. h3 g6 7. Nf3 Bg7 8. O-O
Nf6 9. Bg5 Bf5 10. Bxf6 Bxf6 11. Re1 O-O 12. Bxf5 gxf5 13. Qd3 e6 14. Nbd2 Kh8
15. Kh1 Rg8 16. Rg1 Ne7 17. Rae1 Ng6 18. Nf1 Qd6 19. Ng3 Qf8 20. Nh5 Be7 21.
Qe3 Bd6 22. Nf6 Rg7 23. Nd7 Qe7 24. Nde5 Re8 25. Nxg6+ Rxg6 26. Ne5 Rg7 27. Qd3
Reg8 28. Qb5 Qh4 29. Qe2 f6 30. Nf3 Rxg2 31. Rxg2 Qxh3+ 32. Rh2 Bxh2 33. Qf1
Qxf3+ 34. Kxh2 Rg6 0-1

[Event "C.to Mondiale U14"]
[Site "Belfort FRA"]
[Date "2005.07.23"]
[Round "6"]
[White "Hohluks, Aleksandrs"]
[Black "Rombaldoni, Axel"]
[Result "1/2-1/2"]
[WhiteElo "2055"]
[BlackElo "2137"]
[PlyCount "122"]
[EventDate "2005.07.19"]

1. d4 d5 2. c4 e6 3. Nc3 c6 4. cxd5 exd5 5. Nf3 Bf5 6. Bf4 Bd6 7. Bg3 Nf6 8. e3
O-O 9. Bd3 Bxd3 10. Qxd3 Re8 11. Ne5 Qe7 12. f4 Bb4 13. O-O Bxc3 14. bxc3 Ne4
15. Rf3 Qa3 16. Be1 Na6 17. Qc2 Rac8 18. Rb1 c5 19. c4 Nb4 20. Qd1 f6 21. dxc5
Nc3 22. Bxc3 Qxc3 23. Rxb4 fxe5 24. Qxd5+ Kh8 25. Rxb7 Qe1+ 26. Rf1 Qxe3+ 27.
Kh1 exf4 28. Qf7 Qe5 29. h3 Rf8 30. Re7 Qg5 31. Qe6 Qxc5 32. Kh2 a5 33. Qe5
Qxe5 34. Rxe5 Rxc4 35. Rxa5 h6 36. Rf2 Rd8 37. a4 Rd7 38. Ra2 Rcc7 39. Rb5 Ra7
40. a5 Rd6 41. h4 g6 42. Rc2 Kg7 43. Rb6 Ra6 44. Rb7+ Kf6 45. Rc5 Ra8 46. Rb6
Rxb6 47. axb6 Rb8 48. Rc6+ Kf5 49. Kh3 h5 50. Rd6 Rb7 51. Rc6 Rb8 52. Rc5+ Ke6
53. Rg5 Kf6 54. Rb5 Ke7 55. b7 Kd7 56. Rb6 Kc7 57. Rxg6 Rxb7 58. Rg7+ Kc6 59.
Rxb7 Kxb7 60. g4 fxg3 61. Kxg3 Kc7 1/2-1/2

[Event "C.to Mondiale U12 femminile"]
[Site "Belfort FRA"]
[Date "2005.07.23"]
[Round "5"]
[White "Messina, Roberta"]
[Black "Cori Tello, Deysi Estela"]
[Result "0-1"]
[WhiteElo "1845"]
[BlackElo "2035"]
[PlyCount "100"]
[EventDate "2005.07.19"]

1. e4 c5 2. Nf3 d6 3. d4 cxd4 4. Nxd4 Nf6 5. f3 a6 6. c4 Nc6 7. Nc3 Qb6 8. Nb3
g6 9. Qd2 Bg7 10. Qe3 Qc7 11. Qf2 Be6 12. Nd5 Bxd5 13. cxd5 Nb4 14. Kd1 Rc8 15.
a3 Qc2+ 16. Qxc2 Nxc2 17. Rb1 Nd7 18. Bd3 Nd4 19. Nxd4 Bxd4 20. Ke2 e5 21. b4
b5 22. Bb2 Bxb2 23. Rxb2 Nb6 24. Rc2 Rxc2+ 25. Bxc2 Kd7 26. Bb3 Rc8 27. Kd2 Ke7
28. Rc1 Rxc1 29. Kxc1 f5 30. Kd2 Kf6 31. Kd3 h5 32. h3 f4 33. h4 g5 34. hxg5+
Kxg5 35. Ke2 Kh4 36. Kf2 Kg5 37. Ke2 h4 38. Kf2 Kh5 39. Ke2 h3 40. gxh3 Kh4 41.
Kf2 Kxh3 42. Ke2 Kg3 43. Bd1 Kg2 44. Ke1 Nc4 45. a4 bxa4 46. Bxa4 Kxf3 47. Bc2
Ke3 48. Bb3 Nb2 49. Kf1 Nd3 50. Kg2 Nxb4 0-1

[Event "C.to Mondiale U12"]
[Site "Belfort FRA"]
[Date "2005.07.21"]
[Round "3"]
[White "Matuszewski, Michal"]
[Black "Visentin, Lorenzo"]
[Result "1-0"]
[WhiteElo "1999"]
[BlackElo "1829"]
[PlyCount "123"]
[EventDate "2005.07.19"]

1. e4 c5 2. Nc3 d6 3. g3 Nc6 4. Bg2 Nf6 5. f4 Bg4 6. Nf3 e6 7. O-O Be7 8. d3
Nd4 9. Be3 Nxf3+ 10. Bxf3 Bxf3 11. Qxf3 O-O 12. g4 Nd7 13. Kh1 Nb6 14. Ne2 d5
15. Ng3 Rc8 16. a4 dxe4 17. Nxe4 Nd5 18. f5 Nxe3 19. Qxe3 exf5 20. gxf5 Rc6 21.
Rf3 Re8 22. Re1 Kh8 23. Rh3 Qd5 24. Rh5 g6 25. c4 Qe5 26. Rh3 Qxf5 27. Ng5 Rcc8
28. Nxh7 Kg8 29. Qf3 Qxf3+ 30. Rxf3 Bh4 31. Rxe8+ Rxe8 32. Nf6+ Bxf6 33. Rxf6
Re1+ 34. Kg2 Re2+ 35. Rf2 Re1 36. b4 Rd1 37. bxc5 Rxd3 38. Rb2 Rd7 39. Kf3 Rc7
40. Rb5 a6 41. Ra5 Rc6 42. Ke4 Kg7 43. Ke5 f6+ 44. Kd5 g5 45. Rb5 axb5 46. cxb5
Rc8 47. a5 Ra8 48. a6 Rd8+ 49. Ke6 bxa6 50. b6 Rb8 51. Kd5 f5 52. c6 Rxb6 53.
c7 Rb5+ 54. Kd4 Rb4+ 55. Kd3 Rb3+ 56. Kd2 Rh3 57. c8=Q Rxh2+ 58. Kd3 Rh3+ 59.
Kd4 Rh4+ 60. Ke5 Rf4 61. Qb7+ Kh6 62. Kf6 1-0

[Event "IV Open A"]
[Site "Bergamo ITA"]
[Date "2005.07.29"]
[Round "1"]
[White "Agnelli, Francesco"]
[Black "Inkiov, Ventzislav V."]
[Result "1/2-1/2"]
[WhiteElo "2055"]
[BlackElo "2472"]
[PlyCount "63"]
[EventDate "2005.07.29"]

1. e4 c5 2. Nf3 d6 3. d4 cxd4 4. Nxd4 Nf6 5. Nc3 Nc6 6. Bc4 e6 7. Be3 a6 8. Qd2
Qc7 9. f3 Na5 10. Bd3 b5 11. g4 Bb7 12. g5 Nd7 13. O-O-O Nc4 14. Bxc4 Qxc4 15.
Kb1 Rc8 16. h4 Ne5 17. Rdg1 Qc7 18. Qg2 Nc4 19. Bc1 Na3+ 20. bxa3 Qxc3 21. Bb2
Qc4 22. h5 h6 23. g6 f6 24. Qg4 e5 25. Nf5 Qc7 26. Rg2 Rd8 27. Rd2 Bc8 28. f4
exf4 29. Qxf4 Be6 30. e5 d5 31. Nd4 Bc8 32. Nf5 1/2-1/2

[Event "IV Open A"]
[Site "Bergamo ITA"]
[Date "2005.07.29"]
[Round "1"]
[White "Casartelli, Fabio"]
[Black "Jurkovic, Ante"]
[Result "0-1"]
[WhiteElo "1934"]
[BlackElo "2333"]
[PlyCount "72"]
[EventDate "2005.07.29"]

1. d4 d6 2. Nf3 g6 3. g3 Bg7 4. Bg2 Nd7 5. c4 e5 6. d5 Ne7 7. Nc3 O-O 8. e4 f5
9. O-O f4 10. Ng5 Nf6 11. h3 h6 12. Nf3 g5 13. g4 Kf7 14. Nd2 h5 15. f3 Rh8 16.
Kf2 Ng6 17. Rh1 Bf8 18. b4 Bd7 19. a4 Be7 20. Bb2 a6 21. Qe2 Qb8 22. a5 Rh6 23.
Rab1 Qa7+ 24. Kf1 Rah8 25. Nd1 hxg4 26. fxg4 Bxg4 27. Qf2 Qb8 28. Nf3 Bxf3 29.
Qxf3 Nh4 30. Qe2 Nxg2 31. Kxg2 g4 32. Qe1 Rxh3 33. Rxh3 Rxh3 34. Nf2 Rg3+ 35.
Kf1 Qh8 36. c5 Qh2 0-1

[Event "IV Open A"]
[Site "Bergamo ITA"]
[Date "2005.07.29"]
[Round "1"]
[White "Cottarelli, Franco"]
[Black "Okhotnik, Vladimir"]
[Result "0-1"]
[WhiteElo "2000"]
[BlackElo "2404"]
[PlyCount "72"]
[EventDate "2005.07.29"]

1. b4 f5 2. Bb2 Nf6 3. e3 e6 4. a3 Be7 5. c4 O-O 6. Nc3 b6 7. Qf3 c6 8. Nge2 d5
9. cxd5 cxd5 10. Nf4 g5 11. Nh5 g4 12. Nxf6+ Bxf6 13. Qd1 d4 14. Nb5 dxe3 15.
Bxf6 exf2+ 16. Kxf2 Qxf6 17. d4 a6 18. Nd6 Nc6 19. d5 exd5 20. Qxd5+ Be6 21.
Qxe6+ Qxe6 22. Bc4 Qxc4 23. Nxc4 b5 24. Ne3 Ne5 25. Rhd1 Rad8 26. Nd5 Rd7 27.
Nf4 Re8 28. Re1 Rd2+ 29. Kf1 Ng6 30. Ne6 Rc8 31. Nc5 Nh4 32. Re2 Rxe2 33. Kxe2
Nxg2 34. Kf2 Nh4 35. h3 h5 36. hxg4 hxg4 0-1

[Event "IV Open A"]
[Site "Bergamo ITA"]
[Date "2005.07.29"]
[Round "1"]
[White "Dragojlovic, Andjelko"]
[Black "Ranfagni, Stefano"]
[Result "1-0"]
[WhiteElo "2320"]
[BlackElo "1934"]
[PlyCount "65"]
[EventDate "2005.07.29"]

1. e4 e6 2. d4 d5 3. Nc3 dxe4 4. Nxe4 Nd7 5. Nf3 Ngf6 6. Bg5 Be7 7. Bxf6 Nxf6
8. Bd3 Nxe4 9. Bxe4 c5 10. c3 Bd7 11. dxc5 Bxc5 12. Qc2 Bc6 13. Bxc6+ bxc6 14.
Rd1 Qb6 15. O-O O-O 16. Ng5 g6 17. Rd7 Rad8 18. Ne4 Kg7 19. Rfd1 Rxd7 20. Rxd7
Rb8 21. b4 Bf8 22. Ng5 Rb7 23. Nxe6+ Kg8 24. Nxf8 Kxf8 25. Rd6 Qc7 26. Qd2 a5
27. g3 axb4 28. cxb4 c5 29. a3 cxb4 30. axb4 Rb8 31. h4 Rc8 32. Qd4 Qc3 33.
Rd8+ 1-0

[Event "IV Open A"]
[Site "Bergamo ITA"]
[Date "2005.07.29"]
[Round "1"]
[White "Drazic, Sinisa"]
[Black "Perissinotto, Claudio"]
[Result "1-0"]
[WhiteElo "2497"]
[BlackElo "2108"]
[PlyCount "43"]
[EventDate "2005.07.29"]

1. d4 d5 2. Bg5 Nf6 3. Bxf6 gxf6 4. e3 e5 5. Nf3 Bg7 6. c4 c6 7. Nc3 Be6 8.
cxd5 cxd5 9. Qb3 Qd7 10. Na4 Nc6 11. Nc5 Qe7 12. Qxb7 Qxb7 13. Nxb7 Rb8 14. Bb5
Bd7 15. Nd6+ Kf8 16. Rc1 Rxb5 17. Nxb5 Nb4 18. Nc7 Nd3+ 19. Ke2 Nxc1+ 20. Rxc1
Ke7 21. Nxd5+ Kd6 22. Nxf6 1-0

[Event "IV Open A"]
[Site "Bergamo ITA"]
[Date "2005.07.29"]
[Round "1"]
[White "Gandolfi, Gianfranco"]
[Black "Brancaleoni, Maurizio"]
[Result "1/2-1/2"]
[WhiteElo "1929"]
[BlackElo "2314"]
[PlyCount "80"]
[EventDate "2005.07.29"]

1. e4 d6 2. d4 Nf6 3. Nc3 Nbd7 4. Nf3 e5 5. dxe5 dxe5 6. Bc4 Bb4 7. O-O O-O 8.
Bg5 c6 9. Ne2 h6 10. Bh4 Be7 11. Bxf6 Bxf6 12. Ng3 b5 13. Bb3 Nc5 14. c3 Bg4
15. Bc2 Qxd1 16. Raxd1 Rfd8 17. Rxd8+ Rxd8 18. Rd1 Rxd1+ 19. Bxd1 Nd3 20. b4
Nc1 21. a4 Na2 22. Ne2 Be6 23. axb5 cxb5 24. Nd2 Bg5 25. Nf3 f6 26. h4 Bc1 27.
Nxc1 Nxc1 28. Nd2 Kf7 29. f3 Ke7 30. Kf2 Nd3+ 31. Ke3 Nb2 32. Be2 a6 33. f4 Kd6
34. g4 Kc6 35. fxe5 fxe5 36. g5 hxg5 37. hxg5 Na4 38. Kd3 Nb2+ 39. Ke3 Bc4 40.
Nf3 Kd6 1/2-1/2

[Event "IV Open A"]
[Site "Bergamo ITA"]
[Date "2005.07.29"]
[Round "1"]
[White "Kovacevic, Blazimir"]
[Black "Pirola, Andrea"]
[Result "1-0"]
[WhiteElo "2495"]
[BlackElo "2094"]
[PlyCount "80"]
[EventDate "2005.07.29"]

1. d4 Nf6 2. Bg5 c5 3. Bxf6 gxf6 4. d5 Qb6 5. Qc1 f5 6. c4 Bg7 7. Nc3 d6 8. e3
Nd7 9. Nf3 Nf6 10. Bd3 e5 11. Nh4 e4 12. Be2 Bd7 13. Qc2 O-O 14. O-O Qd8 15. g3
Qe7 16. Rae1 a6 17. f3 Qe5 18. Rf2 Rae8 19. fxe4 fxe4 20. Kg2 b5 21. cxb5 axb5
22. Bxb5 Bxb5 23. Nxb5 Nxd5 24. Rf5 Nb4 25. Qd2 Qxb2 26. Qxb2 Bxb2 27. Nxd6 Re6
28. Nc4 Bf6 29. Kh3 Bxh4 30. gxh4 Nd3 31. Rg1+ Rg6 32. Ra1 Rd8 33. h5 Rg7 34.
a4 Rd5 35. Raf1 Rxf5 36. Rxf5 Rg1 37. Nd6 Re1 38. Rxf7 Rxe3+ 39. Kh4 h6 40. Rf6
Re2 1-0

[Event "IV Open A"]
[Site "Bergamo ITA"]
[Date "2005.07.29"]
[Round "1"]
[White "Locatelli, Andrea"]
[Black "Cardani, Roberto"]
[Result "1-0"]
[WhiteElo "2139"]
[BlackElo "1826"]
[PlyCount "77"]
[EventDate "2005.07.29"]

1. e4 c5 2. Nf3 d6 3. d4 cxd4 4. Nxd4 Nf6 5. Nc3 a6 6. Bc4 e6 7. Bb3 b5 8. Qf3
Qc7 9. O-O Be7 10. Qg3 O-O 11. Bh6 Ne8 12. Rad1 Nc6 13. Nxc6 Qxc6 14. Nd5 Qb7
15. Nxe7+ Qxe7 16. Bg5 Qc7 17. f4 f5 18. Qd3 Kh8 19. exf5 exf5 20. Rfe1 Bb7 21.
Be7 Be4 22. Bxd6 Bxd3 23. Bxc7 Bxc2 24. Bxc2 Nxc7 25. Re7 Ne8 26. Rdd7 Nf6 27.
Rb7 g6 28. Kf2 Rfd8 29. Ke2 Rd6 30. Bb3 Rad8 31. Rf7 Rd2+ 32. Kf1 R2d6 33. h3
Rc8 34. g4 fxg4 35. hxg4 Rd2 36. Ke1 Rg2 37. Rxf6 Rc1+ 38. Bd1 Rg1+ 39. Ke2 1-0

[Event "IV Open A"]
[Site "Bergamo ITA"]
[Date "2005.07.29"]
[Round "1"]
[White "Naumkin, Igor"]
[Black "Marmili, Giulio"]
[Result "1-0"]
[WhiteElo "2444"]
[BlackElo "2012"]
[PlyCount "37"]
[EventDate "2005.07.29"]

1. d4 Nf6 2. c4 e6 3. Nf3 Bb4+ 4. Nbd2 d5 5. Qa4+ Nc6 6. a3 Be7 7. e3 Bd7 8.
Qc2 a5 9. b3 b6 10. Bb2 Nb8 11. Ne5 h5 12. h3 c5 13. Bd3 Rh6 14. Ndf3 Nc6 15.
Nxd7 Qxd7 16. cxd5 exd5 17. Bb5 Bd6 18. dxc5 bxc5 19. Nd4 1-0

[Event "IV Open A"]
[Site "Bergamo ITA"]
[Date "2005.07.29"]
[Round "1"]
[White "Vezzosi, Paolo"]
[Black "Magrini, Fabrizio"]
[Result "1-0"]
[WhiteElo "2380"]
[BlackElo "1996"]
[PlyCount "35"]
[EventDate "2005.07.29"]

1. d4 Nf6 2. Nf3 g6 3. Nc3 d5 4. Bf4 c6 5. Qd2 Nbd7 6. e3 Bg7 7. h4 h5 8. Bd3
Ng4 9. e4 dxe4 10. Bxe4 f5 11. Bd3 e5 12. dxe5 Ndxe5 13. Nxe5 Nxe5 14. Bxe5
Bxe5 15. O-O-O Qc7 16. Kb1 Bd7 17. Qg5 Rg8 18. Rhe1 1-0

[Event "IV Open A"]
[Site "Bergamo ITA"]
[Date "2005.07.29"]
[Round "2"]
[White "Bettini, Massimo"]
[Black "Marmili, Giulio"]
[Result "0-1"]
[WhiteElo "1911"]
[BlackElo "2012"]
[PlyCount "70"]
[EventDate "2005.07.29"]

1. e4 c5 2. Nf3 d6 3. d4 cxd4 4. Nxd4 Nf6 5. Nc3 e6 6. Be3 Nc6 7. Be2 Be7 8. f4
Qc7 9. g4 a6 10. Nb3 b5 11. g5 Nd7 12. a4 b4 13. Nb1 Bb7 14. N1d2 Rc8 15. O-O
Na5 16. Nd4 Nc5 17. Bd3 d5 18. e5 Nc6 19. N2b3 Nxd4 20. Nxd4 Nxd3 21. cxd3 g6
22. Rc1 Qb8 23. Rxc8+ Qxc8 24. Qg4 Qd7 25. Rc1 O-O 26. h4 Rc8 27. Rxc8+ Bxc8
28. b3 Qc7 29. h5 Qc3 30. Qe2 Bc5 31. Nc2 d4 32. Bf2 Qxb3 33. Nxd4 Qxa4 34. Qe4
Qd7 35. Kg2 Bb7 0-1

[Event "IV Open A"]
[Site "Bergamo ITA"]
[Date "2005.07.29"]
[Round "2"]
[White "Brancaleoni, Maurizio"]
[Black "Agnelli, Francesco"]
[Result "1-0"]
[WhiteElo "2314"]
[BlackElo "2055"]
[PlyCount "61"]
[EventDate "2005.07.29"]

1. d4 Nf6 2. c4 g6 3. Nc3 Bg7 4. e4 d6 5. Nge2 O-O 6. Ng3 e5 7. d5 a5 8. Be2
Na6 9. O-O h5 10. Re1 Nh7 11. Nf1 h4 12. h3 f5 13. exf5 gxf5 14. f4 Kh8 15. Be3
Bd7 16. Qd2 Nc5 17. fxe5 Bxe5 18. Bf4 Qf6 19. Nh2 Bd4+ 20. Kh1 Rg8 21. Nf3 Bf2
22. Rf1 Bg3 23. Bxg3 Rxg3 24. Qf4 Rag8 25. Nxh4 R8g4 26. Bxg4 Qxh4 27. Bxf5
Qxf4 28. Rxf4 Bxf5 29. Rxf5 a4 30. Rf3 Rg5 31. Re1 1-0

[Event "IV Open A"]
[Site "Bergamo ITA"]
[Date "2005.07.29"]
[Round "2"]
[White "Gosio, Denis"]
[Black "Borboni, Paolo"]
[Result "1-0"]
[WhiteElo "2152"]
[BlackElo "1879"]
[PlyCount "82"]
[EventDate "2005.07.29"]

1. e4 d6 2. d4 Nf6 3. Nc3 c6 4. f3 Nbd7 5. Be3 Qb6 6. Qc1 Qc7 7. Qd2 e6 8. g4
Nb6 9. g5 Nfd7 10. h4 d5 11. a3 a5 12. Bf4 Bd6 13. Bxd6 Qxd6 14. e5 Qe7 15. f4
a4 16. Nf3 Nc4 17. Bxc4 dxc4 18. Ne4 b5 19. O-O-O Nb6 20. h5 Nd5 21. c3 Kd8 22.
Nd6 Kc7 23. Ng1 Bd7 24. Ne2 Rag8 25. Ng3 Rf8 26. Nge4 Qd8 27. h6 g6 28. Nc5 Kb6
29. Rh3 Qc7 30. Rf3 Qd8 31. Qc2 Bc8 32. Nxa4+ bxa4 33. Nxc4+ Kb5 34. Nd6+ Ka5
35. c4 Nb6 36. Qc3+ Ka6 37. Qb4 Qc7 38. c5 Nd5 39. Qxa4+ Qa5 40. Qxc6+ Nb6 41.
Rb3 Qa4 1-0

[Event "IV Open A"]
[Site "Bergamo ITA"]
[Date "2005.07.29"]
[Round "2"]
[White "Jurkovic, Ante"]
[Black "Kovacevic, Blazimir"]
[Result "1/2-1/2"]
[WhiteElo "2333"]
[BlackElo "2495"]
[PlyCount "86"]
[EventDate "2005.07.29"]

1. e4 e6 2. d4 d5 3. exd5 exd5 4. Nf3 Bd6 5. c4 Nf6 6. Bd3 dxc4 7. Bxc4 O-O 8.
O-O Nc6 9. h3 h6 10. Nc3 a6 11. a3 Bf5 12. Re1 Re8 13. Rxe8+ Qxe8 14. Be3 Rd8
15. Qf1 Ne4 16. Re1 Nxc3 17. bxc3 Qd7 18. Bc1 Na5 19. Ba2 Qa4 20. Ne5 Nb3 21.
Bb2 Be6 22. Qd3 Nxd4 23. Nxf7 Bxf7 24. Bxf7+ Kxf7 25. cxd4 Re8 26. Qf3+ Kg8 27.
Rxe8+ Qxe8 28. g3 Qb5 29. Qc3 Qd5 30. Qe3 b5 31. Qe8+ Kh7 32. h4 Qb3 33. Qe2 a5
34. h5 a4 35. Qe4+ Kg8 36. d5 Qd1+ 37. Kg2 Qxh5 38. Qe6+ Kh7 39. Qe4+ Qg6 40.
Qd4 Kg8 41. Qe3 Qf7 42. Qd3 Qe8 43. Qd4 Qe7 1/2-1/2

[Event "IV Open A"]
[Site "Bergamo ITA"]
[Date "2005.07.29"]
[Round "2"]
[White "Locatelli, Andrea"]
[Black "Vezzosi, Paolo"]
[Result "1/2-1/2"]
[WhiteElo "2139"]
[BlackElo "2380"]
[PlyCount "74"]
[EventDate "2005.07.29"]

1. e4 d6 2. d4 g6 3. Nc3 Bg7 4. f4 c6 5. Nf3 Bg4 6. Be3 Qb6 7. Qd2 Nd7 8. O-O-O
Qa5 9. Kb1 Bxf3 10. gxf3 e6 11. h4 Ne7 12. h5 O-O-O 13. Nd5 Qxd2 14. Nxe7+ Kc7
15. Rxd2 Bf6 16. Nxc6 bxc6 17. Rdh2 Rhg8 18. hxg6 hxg6 19. Rh7 Bg7 20. c3 Nf6
21. R7h3 Rde8 22. Bd2 Rb8 23. f5 gxf5 24. exf5 e5 25. dxe5 dxe5 26. Bc4 Nd5 27.
Rh7 Kd6 28. Rg1 Bf6 29. Rxg8 Rxg8 30. Bxd5 cxd5 31. Rxf7 Bg5 32. Kc2 Bxd2 33.
Kxd2 Rg2+ 34. Ke3 Rxb2 35. Rxa7 Rc2 36. Kd3 Rf2 37. Ke3 Rc2 1/2-1/2

[Event "IV Open A"]
[Site "Bergamo ITA"]
[Date "2005.07.29"]
[Round "2"]
[White "Martinez, Rolly"]
[Black "Piantoni, Roberto"]
[Result "1-0"]
[WhiteElo "2421"]
[BlackElo "2186"]
[PlyCount "81"]
[EventDate "2005.07.29"]

1. e4 c6 2. d4 d5 3. Nc3 dxe4 4. Nxe4 Nf6 5. Nxf6+ gxf6 6. c3 Bf5 7. Nf3 Nd7 8.
g3 Bg7 9. Bg2 Nf8 10. O-O Qd7 11. Re1 Ng6 12. h4 h5 13. Qa4 Bd3 14. Nh2 e6 15.
c4 Ne7 16. Qb3 Bf5 17. d5 O-O 18. dxe6 fxe6 19. Be3 Ng6 20. Bf3 Kf7 21. Bxh5
Rh8 22. Be2 Nxh4 23. gxh4 Rxh4 24. Bf3 Rg8 25. Nf1 Bf8+ 26. Ng3 Bd6 27. Rad1
Qc7 28. Rxd6 Qxd6 29. Qxb7+ Kf8 30. Qa8+ Kf7 31. Qxa7+ Ke8 32. Bg2 Rxg3 33.
fxg3 Qxg3 34. Rd1 Bd3 35. Bc1 Qh2+ 36. Kf2 Rxc4 37. Rxd3 Rc2+ 38. Bd2 Qf4+ 39.
Ke1 Rc1+ 40. Bxc1 Qxc1+ 41. Rd1 1-0

[Event "IV Open A"]
[Site "Bergamo ITA"]
[Date "2005.07.29"]
[Round "2"]
[White "Pace, Pietro Dario"]
[Black "Dervishi, Erald"]
[Result "0-1"]
[WhiteElo "2198"]
[BlackElo "2482"]
[PlyCount "158"]
[EventDate "2005.07.29"]

1. e4 e5 2. Nf3 Nc6 3. Bb5 a6 4. Ba4 Nf6 5. O-O Be7 6. Re1 b5 7. Bb3 d6 8. c3
O-O 9. h3 Nb8 10. d4 Nbd7 11. a4 Bb7 12. Nbd2 Re8 13. Bc2 Bf8 14. Bd3 c6 15. b3
g6 16. Bb2 Bg7 17. Qc2 Qc7 18. axb5 axb5 19. Rxa8 Rxa8 20. Ra1 Rxa1+ 21. Bxa1
d5 22. dxe5 Nxe5 23. Nxe5 Qxe5 24. Nf3 Qe7 25. exd5 Nxd5 26. Bb2 Nf4 27. Bf1 c5
28. Qd1 Bc6 29. Bc1 Qf6 30. Ne1 h5 31. c4 bxc4 32. bxc4 Ne6 33. Qd6 Be4 34. Qd1
Qa1 35. Qd2 Nd4 36. Qe3 Bf5 37. Bd2 Be6 38. Kh2 Qa2 39. Qd3 Bxc4 40. Qxc4 Qxd2
41. Nd3 Bf8 42. Kg1 Qg5 43. Qc1 Qd5 44. Nf4 Qd6 45. Ne2 Ne6 46. Nc3 Bg7 47. Bc4
Bd4 48. Ne2 Qe5 49. Qc2 Kg7 50. Qd2 Ng5 51. Nxd4 Qxd4 52. Qxg5 Qxc4 53. Qe5+
Kh7 54. Qf6 Qd5 55. Qc3 Qd4 56. Qf3 Kg7 57. Kf1 c4 58. Ke2 Qb2+ 59. Kd1 c3 60.
Qd3 Kh7 61. Qc2 Qb4 62. Ke2 Qc4+ 63. Ke1 Qd4 64. Ke2 h4 65. Qb3 Qc5 66. Qc2
Qc4+ 67. Ke1 f5 68. Qe2 Qb4 69. Qc2 f4 70. Ke2 Kh6 71. Kd3 Qd6+ 72. Kxc3 Qc6+
73. Kb3 Qb7+ 74. Ka3 Qxg2 75. Qc3 Qd5 76. Qh8+ Kg5 77. Qc3 Kf5 78. Qc2+ Kf6 79.
Qc3+ Ke6 0-1

[Event "IV Open A"]
[Site "Bergamo ITA"]
[Date "2005.07.29"]
[Round "2"]
[White "Perissinotto, Claudio"]
[Black "Rostolis, Riccardo"]
[Result "1-0"]
[WhiteElo "2108"]
[BlackElo "1966"]
[PlyCount "57"]
[EventDate "2005.07.29"]

1. e4 d5 2. exd5 Nf6 3. d4 Nxd5 4. c4 Nf6 5. Nf3 Bf5 6. Nc3 e6 7. Be2 Nc6 8.
O-O Bd6 9. d5 exd5 10. cxd5 Ne7 11. Bg5 h6 12. Bxf6 gxf6 13. Qd4 Ng6 14. Bb5+
Bd7 15. Rfe1+ Be7 16. d6 cxd6 17. Bxd7+ Qxd7 18. Nd5 Ne5 19. Nxe7 Qxe7 20. Nh4
Rg8 21. h3 O-O-O 22. Qxa7 Qc7 23. Rac1 Nc6 24. Qa4 Kb8 25. Re3 Qd7 26. Ra3 Rg5
27. b4 Rd5 28. b5 Rd4 29. Qa8+ 1-0

[Event "IV Open A"]
[Site "Bergamo ITA"]
[Date "2005.07.29"]
[Round "2"]
[White "Todorov, Todor"]
[Black "Ivanov, Jordan"]
[Result "1-0"]
[WhiteElo "2496"]
[BlackElo "2347"]
[PlyCount "41"]
[EventDate "2005.07.29"]

1. e4 c5 2. b3 Nf6 3. Nc3 Nc6 4. Bb2 d6 5. f4 Bg4 6. Be2 Bxe2 7. Qxe2 Nd4 8.
Qd3 e6 9. Nf3 Nxf3+ 10. Qxf3 d5 11. exd5 exd5 12. O-O-O Qd7 13. Rhe1+ Be7 14.
g4 O-O-O 15. g5 Ne8 16. Nxd5 Bxg5 17. fxg5 Qxd5 18. Qg4+ Qd7 19. Qc4 Qf5 20.
Qa4 Kb8 21. Re5 {...} 1-0